Т. 2; Образ Родины; Живопись мастеров Российской Федерации, 1960-1980

Бібліографічні деталі
Parent link:Образ Родины.— , 1982
Живопись мастеров Российской Федерации, 1960-1980: альбом/ сост. Е. В. Можуховская. Т. 2
Резюме:Альбом включает около четырехсот репродукций произведений живописи, созданных в последнее двадцатилетие художниками Советской России. Эти произведения ярко отражают жизнь страны - ее природу, героический труд народа в городах и селах, на великих стройках, передают дух эпохи, ее напряженный и радостный ритм. Краткий текст и список произведений переведены на английский язык.
Мова:Російська
Опубліковано: 1982
Предмети:
Формат: Книга
KOHA link:https://koha.lib.tpu.ru/cgi-bin/koha/opac-detail.pl?biblionumber=117854

MARC

LEADER 00000nam2a2200000 4500
001 117854
005 20231101215429.0
020 |a RU  |b 82-10728и 
035 |a (RuTPU)RU\TPU\book\127561 
090 |a 117854 
100 |a 20070606g1982 m y0rusy5003 ca 
101 0 |a rus 
102 |a RU 
105 |a a z 001zy 
200 0 |a Т. 2 
210 |d 1982 
215 |a 202 с.  |c ил. 
317 |5 63413507: КР-2186  |a Поступила в НТБ в 2017 г. в составе книжного собрания ректора ТПИ И. П. Чучалина 
320 |a Список иллюстраций: с. 197-199 
330 |a Альбом включает около четырехсот репродукций произведений живописи, созданных в последнее двадцатилетие художниками Советской России. Эти произведения ярко отражают жизнь страны - ее природу, героический труд народа в городах и селах, на великих стройках, передают дух эпохи, ее напряженный и радостный ритм. Краткий текст и список произведений переведены на английский язык. 
461 1 |0 (RuTPU)RU\TPU\book\144307  |t Образ Родины  |d 1982 
461 |t Живопись мастеров Российской Федерации, 1960-1980  |o альбом  |o в 2 т.  |f сост. Е. В. Можуховская  |v Т. 2 
606 1 |a Живопись  |2 stltpush  |3 (RuTPU)RU\TPU\subj\73461  |9 86457 
610 1 |a искусство 
610 1 |a советская живопись 
610 1 |a РСФСР 
610 1 |a 20 век 
610 1 |a альбомы 
610 1 |a коллекция И. П. Чучалина 
610 1 |a дары библиотеке 
675 |a 75  |v 3 
801 0 |a RU  |b RuMRKP  |c 19950704  |g psbo 
801 1 |a RU  |b 63413507  |c 20070606  |g PSBO 
801 2 |a RU  |b 63413507  |c 20190125  |g PSBO 
942 |c BK